00472nam a2200157Ia 450000500170000000800410001708200130005824500220007126000430009330000120013650000250014870000250017394200060019895200950020499900150029920250620021034.0240331s9999 xx 000 0 und d bVISa323 0aVisammutiye agaya bCommunity Rights Défense Frontc1992 a31 p ., aThe value of Dissent aAbeysekera, C. eedt cL 001040708LaWERCLbWERCLcSSCd2024-03-31l0o 323 VISp1030r2024-03-31w2024-03-31yL c2408d2408